Issuance of Patents to Certain Lands in Oregon : hearings before the United States House Committee on Public Lands, Sixty-Second Congress, second session, on July 24, 1912.

Considers (62) S. 3225.

Bibliographic Details
Corporate Authors: United States. Congress. House. Committee on Public Lands, ProQuest (Firm)
Format: Government Document eBook
Language:English
Published: Washington : U.S. G.P.O., 1912.
Series:U.S. Congressional Hearings.
Subjects:
Online Access:Connect to the full text of this electronic book

MARC

Tag First Indicator Second Indicator Subfields
LEADER 00000cam a22000001a 4500
001 in00003165113
006 m d f
007 cr bn mmmapmmp
008 090613s1912 dcu o f000 0 eng d
005 20260604203857.1
035 |a cis2007404184 
040 |a UMI  |c UMI  |d UtOrBLW 
043 |a n-us--- 
086 0 |a Y 4.P 96/2:Or 3/5 
099 |a HRG-1912-PLH-0023 
110 1 |a United States.  |b Congress.  |b House.  |b Committee on Public Lands. 
245 1 0 |a Issuance of Patents to Certain Lands in Oregon :  |b hearings before the United States House Committee on Public Lands, Sixty-Second Congress, second session, on July 24, 1912. 
264 1 |a Washington :  |b U.S. G.P.O.,  |c 1912. 
300 |a 1 online resource. 
336 |a text  |b txt  |2 rdacontent 
337 |a computer  |b c  |2 rdamedia 
338 |a online resource  |b cr  |2 rdacarrier 
500 |a Record is based on bibliographic data in ProQuest Congressional Hearings Digital Collection. Reuse except for individual research requires license from ProQuest, LLC. 
520 |a Considers (62) S. 3225. 
538 |a System requirements: PDF reader software. 
500 |a Electronic resource. 
650 0 |a Public lands  |z Oregon. 
655 7 |a Electronic books.  |2 local 
710 2 |a ProQuest (Firm) 
776 0 8 |i Print version:  |a United States. Congress. House. Committee on Public Lands.  |t Issuance of Patents to Certain Lands in Oregon 
776 0 8 |i Microfiche version:  |a United States. Congress. House. Committee on Public Lands.  |t Issuance of Patents to Certain Lands in Oregon.  |d [Bethesda, Md.] : ProQuest,[2004]  |o CIS Hrgs MF Gp 2--HPul 62-Q  |w (ProQuest)cis10105227 
830 0 |a U.S. Congressional Hearings. 
856 4 0 |u http://proxy.library.tamu.edu/login?url=https://congressional.proquest.com/congcomp/getdoc?HEARING-ID=HRG-1912-PLH-0023  |z Connect to the full text of this electronic book  |t 0 
998 |a cis10105227 
999 |a MARS 
999 f f |s 926f1791-fbcb-30c7-86f8-aa037882c97c  |i d9f744ae-ccdf-38ce-a6e2-08f18e0fe552  |t 0 
952 f f |a Texas A&M University  |b College Station  |c Electronic Resources  |s www_evans  |d Available Online  |t 0  |e HRG-1912-PLH-0023  |h Other scheme 
998 f f |a HRG-1912-PLH-0023  |t 0  |l Available Online